| 000 | 00678nam a2200217Ia 4500 | ||
|---|---|---|---|
| 008 | 220501s2020 xx 000 0 eng d | ||
| 020 | _a9789354600043 | ||
| 082 | _a658.4012 THO-C | ||
| 100 | _aThompson, Arthur A. | ||
| 245 | 0 |
_aCrafting and executing strategy : the quest for competitive advantage concepts and cases _cArthur A. Thompson...[et al.] |
|
| 250 | _a22nd | ||
| 260 |
_aChennai _bMcGraw Hill _c2020 |
||
| 300 | _axlvi, vp. | ||
| 650 | _aBusiness planning | ||
| 650 | _aStrategic planning | ||
| 650 | _aStrategic planning - Case studies | ||
| 700 | _aGamble, John E. | ||
| 700 | _aPeteraf, Margaret A. | ||
| 700 | _aStrickland, A. J. | ||
| 942 |
_2ddc _cREF |
||
| 999 |
_c18249 _d18249 |
||